Management control systems; (Record no. 16951)
[ view plain ]
| 000 -LEADER | |
|---|---|
| fixed length control field | 00487cam a2200181 4500 |
| 040 ## - CATALOGING SOURCE | |
| Transcribing agency | DLC |
| 082 00 - DEWEY DECIMAL CLASSIFICATION NUMBER | |
| Classification number | 658 R.D.I 1972 A109 Or. |
| 100 1# - MAIN ENTRY--AUTHOR NAME | |
| Personal name | Anthony, Robert N. |
| 245 10 - TITLE STATEMENT | |
| Title | Management control systems; |
| Remainder of title | text, cases and readings |
| 250 ## - EDITION STATEMENT | |
| Edition statement | Rev. ed. |
| 260 ## - PUBLICATION, DISTRIBUTION, ETC. (IMPRINT) | |
| Place of publication | Homewood, Ill., |
| Name of publisher | R. D. Irwin, |
| Year of publication | 1972. |
| 300 ## - PHYSICAL DESCRIPTION | |
| Number of Pages | xii, 857 p. |
| Other physical details | illus. |
| Dimensions | 24 cm. |
| 650 #0 - SUBJECT ADDED ENTRY--TOPICAL TERM | |
| Topical Term | Cost control. |
| 650 #0 - SUBJECT ADDED ENTRY--TOPICAL TERM | |
| Topical Term | Cost control |
| 700 1# - ADDED ENTRY--PERSONAL NAME | |
| Personal name | Dearden, John, |
| 700 1# - ADDED ENTRY--PERSONAL NAME | |
| Personal name | Vancil, Richard F., |
| 942 ## - ADDED ENTRY ELEMENTS (KOHA) | |
| Koha item type | សៀវភៅភាសាអង់គ្លេស |
| 952 ## - LOCATION AND ITEM INFORMATION (KOHA) | |
| Withdrawn status [LOCAL, KOHA] | 0 |
| Permanent Location | Date acquired | Koha item type | Lost status | Shelving location | Barcode | Current Location | Full call number |
|---|---|---|---|---|---|---|---|
| Library Block A | 2018-07-06 | សៀវភៅភាសាអង់គ្លេស | A109 | A33782 | Library Block A | 658 R.D.I 1972 A109 Or. |